|
|
|
|
| LEADER |
01919njm a2200433 a 4500 |
| 001 |
000901018 |
| 003 |
CZ BrMZK |
| 005 |
20080703082037.0 |
| 007 |
ss lsnjlcmpnze |
| 008 |
080611s2007 xr ppn g eng d |
| 024 |
3 |
|
|a 8594041122446
|
| 028 |
0 |
3 |
|a RDCZMC 044-4
|b Reader's Digest Výběr
|
| 040 |
|
|
|a BOA001
|b cze
|
| 040 |
|
|
|a ABA001
|b cze
|
| 041 |
0 |
|
|d fre
|d ita
|d eng
|
| 045 |
|
|
|a x6y0
|
| 072 |
|
7 |
|a 784
|x Vokální hudba
|2 Konspekt
|9 9
|
| 080 |
|
|
|a 784.4
|2 MRF
|
| 080 |
|
|
|a (086.7)
|2 MRF
|
| 245 |
0 |
0 |
|a Hvězdy festivalového nebe.
|n 4,
|p Marino Marini ; José Feliciano
|h [zvukový záznam]
|
| 246 |
3 |
0 |
|a Marino Marini
|
| 246 |
3 |
0 |
|a José Feliciano
|
| 260 |
|
|
|a Praha :
|b Reader's Digest Výběr,
|c p2007
|
| 300 |
|
|
|a 1 zvuková kazeta :
|b analog, Dolby system
|
| 505 |
0 |
0 |
|t Come prima --
|t <<La >>piu bella del mondo --
|t Guaglione --
|t Guarda che luna --
|t Era scritto nel cielo --
|t Aummo aummo --
|t Basta un poco di musica --
|t Kriminal-tango --
|t <<La >>panse --
|t Marina --
|t Non sei mai stata cosi bella --
|t Serenata a Margellina --
|t Quando quando quando --
|t Che sara --
|t Light my fire --
|t Samba pa ti --
|t California drimin' --
|t Jealous guy --
|t Right here waiting --
|t Rain --
|t <<La >>bamba --
|t Bamboleo
|
| 511 |
0 |
|
|a Zpívají: Marino Marini, José Feliciano
|
| 530 |
|
|
|a Vydáno také na kompaktnch deskách
|
| 650 |
0 |
7 |
|a populární písně
|7 ph124354
|y 1961-1969
|2 czenas
|
| 650 |
0 |
7 |
|a populární písně
|7 ph124354
|y 1971-1980
|2 czenas
|
| 650 |
0 |
7 |
|a populární písně
|7 ph124354
|y 1981-1990
|2 czenas
|
| 650 |
0 |
7 |
|a populární písně
|7 ph124354
|y 1991-2000
|2 czenas
|
| 655 |
|
7 |
|a zvukové kazety
|7 fd186720
|2 czenas
|
| 700 |
1 |
|
|a Marini, Marino
|4 sng
|
| 700 |
1 |
|
|a Feliciano, José,
|d 1945-
|7 xx0020255
|4 sng
|
| 910 |
|
|
|a BOA001
|b KZ-0014.599,4
|
| 990 |
|
|
|a AV
|
| 995 |
|
|
|a 01
|
| 991 |
|
|
|b 200806
|
| 996 |
6 |
|
|b 261H016209
|c KZ-0014.599,4
|l MZK
|r Sklad / do 24 hodin
|n 0
|w 001065229
|u 000010
|a 1
|e BOA001
|j MZK50
|s P
|